Geotechnical engineering: education and training

Kaydedildi:
Detaylı Bibliyografya
Asıl Yazarlar: Manoliu, Iacint (Yazar), Antonescu, Ion (Yazar), Radulescu, Nicoleta (Yazar)
Materyal Türü: Kitap
Dil:İngilizce
Fransızca
Baskı/Yayın Bilgisi: Rotterdam A.A. Balkema 2000
Konular:
Etiketler: Etiketle
Etiket eklenmemiş, İlk siz ekleyin!

MARC

LEADER 00000nam a2200000 a 4500
001 UCL4082
003 CL-VaPUC
005 20220507074123.0
008 031219e20000000ne 1 eng d
020 |a 9058091546 
041 0 7 |a eng  |2 CL-VaPUC 
041 0 7 |a fre  |2 CL-VaPUC 
082 0 4 |a 624.15  |b MAN  |2 21 
100 1 |a Manoliu, Iacint  |e author  |9 620472 
700 1 |a Antonescu, Ion  |e author  |9 620473 
700 1 |a Radulescu, Nicoleta  |e author  |9 620474 
245 1 0 |a Geotechnical engineering: education and training 
260 |a Rotterdam  |b A.A. Balkema  |c 2000 
300 |a 524 p 
583 |a last modification  |c 20031219 00:00:00  |k Rodrigo Vera 
650 0 7 |a INGENIERIA GEOTECNICA  |2 CL-VaPUC  |9 547236 
650 0 0 |a Terremotos  |9 267728 
650 0 0 |a Diseño de estructuras  |9 260345 
650 0 0 |a Educación superior   |9 223851 
650 0 7 |a EDUCACION COMPARADA  |2 CL-VaPUC  |9 307694 
942 |c BK 
945 |a cmena  |d 20031219 00:00:00 
546 |a En Inglés 
546 |a En Francés 
536 |a Romanian Geotechnical Society 
518 |p International Conference on Geotechnical Engineering Education and Training, 1, Sinaia, 12-14 june 2000 
999 |c 383967  |d 383965 
952 |0 0  |1 0  |4 0  |6 624_150000000000000_MAN_2000  |7 0  |8 A  |9 506307  |a BIBING  |b BIBING  |d 2020-01-23  |i 3977331  |o 624.15 MAN 2000  |p 3977331  |r 2025-01-20  |w 2020-01-23  |y BK  |k CCL